000 00546nam a2200229Ia 4500
003 OSt
005 20220924145518.0
006 a|||||r|||| 00| 0
007 ta
008 220923b |||||||| |||| 00| 0 pus d
024 _a329016
037 _cTextual
040 _aARTS
_cARTS
_bpus
041 _2pus
_apus
082 _az491, 165H4
100 _aTolini Au.
_9219909
245 0 _aDakabali kalini
260 _c1944
650 _aGENERALIA
942 _hz491, 165H4
_cTEXL
_2CC
999 _c460293
_d460293